书目信息 |
| 题名: |
叶剑英在1976
|
|
| 作者: | 范硕 著 | |
| 分册: | ||
| 出版信息: | 北京 中共中央党校出版社 1990.1 |
|
| 页数: | 334页 | |
| 开本: | 20厘米 | |
| 丛书名: | ||
| 单 册: | ||
| 中图分类: | K821 D652 | |
| 科图分类: | ||
| 主题词: | 王、张、江、姚反党集团--史料 | |
| 电子资源: | ||
| ISBN: | 978-7-5035-0267-5 | |
| 000 | 00841nam0 2200241 450 | |
| 001 | 0100317177 | |
| 005 | 20020928000000.0 | |
| 010 | @a978-7-5035-0267-5@dCNY6.4 | |
| 100 | @a19921223d1990 ekmy0chiy0110 ea | |
| 101 | 0 | @achi |
| 102 | @aCN@b110000 | |
| 105 | @af z 000yd | |
| 106 | @ar | |
| 200 | 1 | @a叶剑英在1976@9Ye;Xie Jian Ying Zai 1 9 7 6 @f范 硕著@b专著 |
| 210 | @a北京@c中共中央党校出版社@d1990.1 | |
| 215 | @a334页@c照片@d20厘米 | |
| 330 | @a本书以“文化大革命”最后一年在中国大地上所发生的重大政治事件为背景,以老一辈无产阶级革命家叶剑英的活动为主线,详尽而生动地论述了粉碎“四人帮”斗争的始末。 | |
| 600 | 0 | @a叶剑英@f(1897-1986)@x生平事迹 |
| 606 | 0 | @a王、张、江、姚反党集团@x史料 |
| 690 | @aK821 D652@v三版 | |
| 701 | 0 | @a范硕@9fan shuo@4著 |
| 801 | 0 | @aCN@bAiZhiMarc@c19921223 |
| 905 | @aBZT@dK821 D6@e1@f1@sK821 D6/1 | |
| 叶剑英在1976/范 硕著.-北京:中共中央党校出版社,1990.1 |
| 334页:照片;20厘米 |
| ISBN 978-7-5035-0267-5:CNY6.4 |
| 本书以“文化大革命”最后一年在中国大地上所发生的重大政治事件为背景,以老一辈无产阶级革命家叶剑英的活动为主线,详尽而生动地论述了粉碎“四人帮”斗争的始末。 |
| ● |
| 相关链接 |
|
|
|
正题名:叶剑英在1976
索取号:K821 D6/1
 
预约/预借
| 序号 | 登录号 | 条形码 | 馆藏地/架位号 | 状态 | 备注 |
| 1 | 2000123715 | 2000123715 | 旧书回溯/ [索取号:K821 D6/1] | 在馆 |